Σχολική εμπειρία : θεωρία και πράξη
Αποθηκεύτηκε σε:
| Άλλοι συγγραφείς: | , |
|---|---|
| Μορφή: | Βιβλίο |
| Γλώσσα: | Greek |
| Δημοσίευση: |
Αθήνα :
Ελληνικά Γράμματα,
c1994.
|
| Έκδοση: | 3η έκδ. |
| Σειρά: | Παιδαγωγική (Ελληνικά Γράμματα)
; 5 |
| Θέματα: | |
| Ετικέτες: |
Προσθήκη ετικέτας
Δεν υπάρχουν, Καταχωρήστε ετικέτα πρώτοι!
|
MARC
| LEADER | 00000cam a2200000 i 4500 | ||
|---|---|---|---|
| 001 | 1/30643 | ||
| 008 | 970604s1994 gr | ||| |||| ||gre|| | ||
| 020 | |a 960701930X | ||
| 035 | |l 10023437 | ||
| 040 | |a GR-MY-UA |b gre |e aacr | ||
| 041 | 0 | |a gre | |
| 082 | 7 | |a 372.07 |2 (22) | |
| 245 | 0 | 0 | |a Σχολική εμπειρία : |b θεωρία και πράξη / |c επιμέλεια: Γιώργος Φιλίππου, Μαρία Καϊλα. |
| 250 | |a 3η έκδ. | ||
| 260 | |a Αθήνα : |b Ελληνικά Γράμματα, |c c1994. | ||
| 300 | |a 233 σ. ; |c 24 εκ. | ||
| 490 | 1 | |a (Παιδαγωγική / Ελληνικά Γράμματα ; |v 5) | |
| 500 | |a Οργάνωση, πειραματισμοί, προβληματισμοί. | ||
| 650 | 0 | 0 | |a Student teaching. |
| 650 | 0 | 0 | |a Teachers |x Training of. |
| 700 | 1 | |a Φιλίππου, Γιώργος, |e edt | |
| 700 | 1 | |a Καΐλα, Μαρία Α. |e edtf | |
| 830 | 0 | |a Παιδαγωγική (Ελληνικά Γράμματα) |v ; 5 | |
| 852 | |a INST |b CHIOS |e 19970708 |h 372.07 ΣΧΟ |p 005200010550 |q 005200010550 |t BK |y 0 | ||
| 852 | |a INST |b LESVOS |e 19970604 |h 370.73 ΣΧΟ |p 005100011072 |q 005100011072 |t BK |y 0 | ||
| 852 | |a INST |b RHODES |e 20001030 |h 370.73 ΣΧΟ |p 005400006308 |q 005400006308 |t BK |y 0 | ||
| 852 | |a INST |b RHODES |e 20001030 |h 370.73 ΣΧΟ |p 005400006428 |q 005400006428 |t BK |y 0 | ||
| 852 | |a INST |b RHODES |e 20001030 |h 370.73 ΣΧΟ |p 005400015749 |q 005400015749 |t BK |y 0 | ||
| 852 | |a INST |b RHODES |e 20001030 |h 370.73 ΣΧΟ |p 005400015750 |q 005400015750 |t BK |y 0 | ||
| 852 | |a INST |b RHODES |e 20000912 |h 370.73 ΣΧΟ |p 005400015751 |q 005400015751 |t BK |y 0 | ||
| 909 | |a Χ |b 048215 | ||
| 909 | |a Ρ |b 022145 | ||
| 909 | |a Ρ |b 022146 | ||
| 909 | |a Ρ |b 022142 | ||
| 909 | |a Ρ |b 022143 | ||
| 909 | |a Ρ |b 022144 | ||
| 909 | |a Λ |b 050163 | ||
| 922 | |a 4ΕΛΗ |b 199206 | ||
| 970 | |z 2000/09 | ||